00948nam a2200277 i 4500001000400000100003300004245009300037260005800130300003500188490002500223500009900248504002700347505006200374650001700436650002700453650000900480650001900489651001200508655001200520700003600532830002500568020002000593040000800613041000800621008004100629bgj1 aHUGHES, Thomasd(1822-1896).10aTom Brown's schooldays /cThomas Hughes ; edited with an introduction by Andrew Sanders. aOxford ;aNew York :bOxford University Press,c1989. aXLIX, 406 pp :bill. ;c19 cm.1 aThe World's Classics aThis edition reprints the illustration drawn for the 1869 reissue by the artist Arthur Hughes. aBibliography p. XXVII. aIncludes note on the text and a chronology of the author. 9aRugby School 9aEndowed public schools 9aBoys 9aBildungsromane 9aEngland aFiction1 aSANDERS, Andrewd(1946- ).eed. aThe World's Classics a019282198 (pbk) cBPK0 aeng s uk f |000 0 eng